Johanes z Buša

Bibliographic Details
Main Author: Tinák, Benjamín, 1930-2008 (Author)
Format: Article
Language:Slovak
ISSN:0139-8962
Subjects:

MARC

LEADER 00000nab a2200000 a 4500
001 vtls008998762
003 SK-MaSNL
005 20260303065856.0
008 070613 2007 xo m 000 0 slo
015 |a SNBRB2007/06 
038 |a KEKMK 
040 |a KEKMK  |b slo  |c KEKMK  |e AACR2 
041 |a slo 
044 |a xo  |c SK 
080 |a 82-93  |2 2001 
100 1 |a Tinák, Benjamín,  |d 1930-2008  |4 aut  |9 101550 
245 1 0 |a Johanes z Buša  |c Benjamín Tinák 
650 0 7 |a literatúra pre deti a mládež  |2 kekmk  |9 21893 
773 0 |t Zornička : časopis pre školákov  |g Roč. 59/69, č.10 jún (2007), s.12-13  |x 0139-8962 
852 |a KEKMK  |b KIS3G 
958 |a LX 
958 |a DB 
999 |c 1753092  |d 1755022